| 000 | 02427nam a2200373Ia 4500 | ||
|---|---|---|---|
| 999 |
_c56271 _d56271 |
||
| 001 | 23377 | ||
| 003 | GE_BSU | ||
| 005 | 20251209210838.0 | ||
| 008 | 181216s||||||||xx |||||||||||||| ||und|| | ||
| 040 | _cGE_BSU | ||
| 041 | _ageo | ||
| 080 | _a392(=353.32) ლ-20 | ||
| 100 |
_aლამბერტი, არქანჯელო _93569 |
||
| 245 |
_aსამეგრელოს აღწერა / _cარქანჯელო ლამბერტი ; თარგმანი იტალიურიდან ალექსანდრე ჭყონიასი ; ლევან ასათიანის წინასიტყვაობით, რედაქციით და შენიშვნებით. |
||
| 250 | _aმე-2 გამოცემა | ||
| 264 |
_aთბილისი : _bფედერაცია-ს გამომც-ბა და სტ. ; _c1938. |
||
| 300 |
_aXI,205,[2]გვ. : _bილ.,1ჩართ. ფურც. რუკა ; _c23 სმ. |
||
| 490 | _aუცხოელი მწერლები და მოგზაურები საქართველოზე | ||
| 500 | _aთედო სახოკიას კოლექციიდან, ავტოგრაფით | ||
| 501 | _aშენიშვნები: გვ. 197-205 | ||
| 520 | _a(უცხოელი მწერლები და მოგზაურები საქართველოზე). | ||
| 541 | _h1ლ.78თ. | ||
| 653 | _aიტალიელი მისიონერები საქართველოში | ||
| 653 | _a მეგრელების ეთნოგრაფია | ||
| 653 | _a მეგრელები | ||
| 653 | _a მოგზაურობა სამეგრელოში | ||
| 653 | _a სამეგრელოს გეოგრაფია | ||
| 653 | _a სამეგრელოს ისტორიის უცხოური წყაროები | ||
| 653 | _aსამეგრელოს აღწერა | ||
| 653 | _aხალხური ზნე-ჩვეულებანი პირად ცხოვრებაში | ||
| 700 |
_aჭყონია, ალექსანდრე _eმთარგმნელი _93570 |
||
| 700 |
_aასათიანი, ლევან _eრედაქტორი _93571 |
||
| 942 |
_cBK _2udc |
||